000 00304nam a2200133 4500
020 _a28530015551055
020 _a28530015471054
020 _a28530015631056
082 0 _a220.5
245 1 2 _aLa sainte bible
260 _bAlliance Biblique Universelle
_cc.1970
300 _a1693 p.
942 _2ddc
_cBK
999 _c63993
_d63967